Statistiques concernant Les plus grandes villes asiatiques par lettre

Cliquez ici pour prendre le quiz!

Statistiques générales

  • Ce quiz a été pris 123 fois
  • Le résultat moyen est 12 sur 26

Statistiques - réponses

lettrepopulationville% Correct
T39 900 000Tokyo
96%
P20 000 000Pékin
88%
J30 300 000Jakarta
87%
S29 500 000Shanghai
87%
B18 400 000Bangkok
74%
M24 600 000Manille
71%
C10 700 000Chennai
70%
D28 400 000Delhi
66%
K16 900 000Karachi
61%
O17 700 000Osaka
60%
X9 800 000Xiamen
56%
N10 500 000Nagoya
44%
R7 400 000Riyad
43%
W8 700 000Wuhan
43%
L12 200 000Lahore
40%
G45 600 000Guangzhou
37%
I5 200 000Istanbul
34%
U3 975 000Ürümqi
27%
A8 000 000Ahmedabad
24%
H9 600 000Hyderabad
22%
F4 150 000Fuzhou
17%
Q5 900 000Qingdao
14%
Y5 400 000Yangon
13%
Z5 400 000Zhengzhou
13%
E970 000Erbil
5%
V2 125 000Vadodara
2%

Distribution des résultats

Percentile par nombre de réponses

% des personnes avec chaque résultat

Votre développement - résultats

Vous n’avez pas pris ce quiz